[Event "4NCL/Div1/SLO-MM"]
[Site "Rd09-Birmingham"]
[Date "2001.05.05"]
[Round "9.5"]
[White "Houska, Jovanka"]
[Black "Pert, Richard"]
[Result "1/2-1/2"]
[WhiteElo "2368"]
[BlackElo "2264"]
[PlyCount "64"]
[EventDate "2001.05.05"]

1. e4 c5 2. Nc3 Nc6 3. g3 g6 4. Bg2 Bg7 5. d3 d6 6. Be3 Rb8 7. Qd2 b5 8. Nge2
Nd4 9. O-O Qa5 10. Nc1 b4 11. Nd1 Qa4 12. Bxd4 Bxd4 13. Nb3 Bg7 14. a3 bxa3 15.
Rxa3 Qd7 16. Nc3 Nh6 17. e5 O-O 18. exd6 exd6 19. Nd5 Ng4 20. Re1 Ne5 21. Na5
Rxb2 22. f4 Ng4 23. h3 Bd4+ 24. Kh1 Nf2+ 25. Kh2 Nxh3 26. Ne7+ Kh8 27. Nxc8 Nf2
28. Ne7 Ng4+ 29. Kh1 Nf2+ 30. Kh2 Ng4+ 31. Kh1 Nf2+ 32. Kh2 Ng4+ 1/2-1/2

[Event "4NCL/Div1/SLO-MM"]
[Site "Rd09-Birmingham"]
[Date "2001.05.05"]
[Round "9.6"]
[White "Eames, Robert"]
[Black "McNab, Colin"]
[Result "0-1"]
[WhiteElo "2307"]
[BlackElo "2403"]
[PlyCount "66"]
[EventDate "2001.05.05"]

1. e4 g6 2. d4 d6 3. Nc3 Bg7 4. f4 Nf6 5. Nf3 O-O 6. Bd3 Nc6 7. O-O e5 8. fxe5
dxe5 9. d5 Ne7 10. Nxe5 c6 11. Bc4 Qd6 12. Bf4 Nh5 13. Nd3 Nxf4 14. Rxf4 b5 15.
Bb3 cxd5 16. Nxd5 Bb7 17. Nxe7+ Qxe7 18. Qf3 Bh6 19. Rg4 Kh8 20. Qg3 f5 21.
exf5 Qe3+ 22. Kh1 Rxf5 23. Qxe3 Bxe3 24. h3 Raf8 25. Kh2 Rf1 26. Rxf1 Rxf1 27.
Kg3 Bb6 28. Kh4 Kg7 29. Rb4 a6 30. a4 Bd8+ 31. Kg3 Bc7+ 32. Kh4 h5 33. Rd4 Kh6
0-1

[Event "4NCL/Div1/SWD-GUI"]
[Site "Rd09-Birmingham"]
[Date "2001.05.05"]
[Round "9.1"]
[White "Zeidler, Sven"]
[Black "Conquest, Stuart"]
[Result "0-1"]
[WhiteElo "2284"]
[BlackElo "2563"]
[PlyCount "104"]
[EventDate "2001.05.05"]

1. e4 c5 2. Nc3 Nc6 3. Bb5 Nf6 4. Bxc6 bxc6 5. d3 d5 6. b3 e5 7. Nf3 Bd6 8. O-O
O-O 9. Bg5 Be6 10. Re1 h6 11. exd5 cxd5 12. Bh4 Qa5 13. Bxf6 gxf6 14. Ne2 Kh7
15. Ng3 Rg8 16. c4 Rae8 17. Qc2 Kh8 18. Qc1 Bf8 19. Nh4 Qd8 20. Re3 Rg4 21.
Nhf5 Rf4 22. Rf3 Rxf3 23. gxf3 dxc4 24. dxc4 Qd3 25. Ne3 h5 26. Qd1 Qg6 27. Ng2
Bh6 28. Qe2 Bh3 29. f4 Bxg2 30. f5 Qg7 31. Nxh5 Qg8 32. Ng3 Ba8 33. Rd1 Rd8 34.
Qh5 Rxd1+ 35. Qxd1 Kh7 36. Qd7 Bf3 37. h3 Be3 38. Kf1 Bd4 39. Qxa7 e4 40. Qb7
Be5 41. a4 Kh6 42. Qe7 Bd4 43. a5 e3 44. fxe3 Be5 45. Qxc5 Qxg3 46. Qf8+ Kg5
47. Qg8+ Kxf5 48. Qxg3 Bxg3 49. b4 Ke4 50. b5 Kxe3 51. c5 Be2+ 52. Kg2 Bxb5 0-1

[Event "4NCL/Div1/SWD-GUI"]
[Site "Rd09-Birmingham"]
[Date "2001.05.05"]
[Round "9.2"]
[White "Gormally, Daniel"]
[Black "Morris, Charles"]
[Result "1-0"]
[WhiteElo "2492"]
[BlackElo "2238"]
[PlyCount "69"]
[EventDate "2001.05.05"]

1. e4 e6 2. d4 d5 3. Nd2 Nf6 4. e5 Nfd7 5. Ngf3 c5 6. c3 Nc6 7. Bd3 Be7 8. O-O
g5 9. b4 cxd4 10. cxd4 Nxb4 11. Bb1 g4 12. Ne1 f5 13. exf6 Nxf6 14. f3 Qb6 15.
Nb3 e5 16. Kh1 gxf3 17. Nxf3 e4 18. Ne5 Rg8 19. Bf4 Nc6 20. Bc2 Ng4 21. Nxc6
Qxc6 22. Nc5 Bxc5 23. dxc5 Qxc5 24. Ba4+ Ke7 25. Qe1 Qd4 26. Qh4+ Nf6 27. Rad1
Qxa4 28. Be5 Be6 29. Qxf6+ Kd7 30. Rxd5+ Bxd5 31. Qd6+ Ke8 32. Qxd5 Rg6 33.
Qf7+ Kd8 34. Qc7+ Ke8 35. Bd6 1-0

[Event "4NCL/Div1/SWD-GUI"]
[Site "Rd09-Birmingham"]
[Date "2001.05.05"]
[Round "9.3"]
[White "James, David J"]
[Black "Rowson, Jonathan"]
[Result "0-1"]
[WhiteElo "2238"]
[BlackElo "2505"]
[PlyCount "52"]
[EventDate "2001.05.05"]

1. d4 Nf6 2. c4 e6 3. Nf3 b6 4. g3 Ba6 5. b3 Bb4+ 6. Bd2 Be7 7. Nc3 c6 8. Bg2
d5 9. Ne5 Nfd7 10. Nxd7 Nxd7 11. Rc1 Rc8 12. e4 dxc4 13. Qe2 Nb8 14. bxc4 Qxd4
15. Nb1 Nd7 16. O-O O-O 17. Bc3 Qd6 18. e5 Qc7 19. Nd2 Rcd8 20. Be4 b5 21. Rfe1
Nc5 22. Bb1 bxc4 23. Nxc4 Rd5 24. Bb4 Rb8 25. Bxc5 Rxc5 26. Qe4 Rxb1 0-1

[Event "4NCL/Div1/SWD-GUI"]
[Site "Rd09-Birmingham"]
[Date "2001.05.05"]
[Round "9.4"]
[White "Plaskett, James"]
[Black "Cast, Jason"]
[Result "0-1"]
[WhiteElo "2461"]
[BlackElo "1824"]
[PlyCount "45"]
[EventDate "2001.05.05"]

1. e4 e5 2. Nf3 Nc6 3. Bb5 f5 4. Nc3 fxe4 5. Nxe4 d5 6. Nxe5 dxe4 7. Nxc6 Qg5
8. Qe2 Nf6 9. f4 Qxf4 10. Ne5+ Bd7 11. d4 Qh4+ 12. g3 Qh3 13. Nxd7 Nxd7 14.
Qxe4+ Be7 15. Bg5 O-O-O 16. Bxe7 Rhe8 17. O-O-O Qh5 18. Bd3 Qh6+ 19. Kb1 Nf6
20. Qf5+ Rd7 21. Bxf6 gxf6 22. Rhe1 Red8 23. Re7 0-1

[Event "4NCL/Div1/SWD-GUI"]
[Site "Rd09-Birmingham"]
[Date "2001.05.05"]
[Round "9.5"]
[White "Richmond, Peter"]
[Black "Baker, Chris W"]
[Result "1/2-1/2"]
[WhiteElo "2237"]
[BlackElo "2372"]
[PlyCount "55"]
[EventDate "2001.05.05"]

1. e4 c6 2. Ne2 e5 3. d4 Nf6 4. Ng3 exd4 5. Qxd4 d5 6. Nc3 Be6 7. exd5 cxd5 8.
Bb5+ Nc6 9. O-O Be7 10. Re1 O-O 11. Bxc6 bxc6 12. Na4 Qa5 13. Bd2 Qb5 14. Nf5
Bxf5 15. Rxe7 Bxc2 16. Nc5 Qc4 17. Qxc4 dxc4 18. Rae1 Nd5 19. Rb7 Bf5 20. Nd7
Rfd8 21. Ne5 Nf6 22. Bc3 Re8 23. Nxc4 Rxe1+ 24. Bxe1 Be6 25. b3 h5 26. f3 a6
27. Kf2 Nd5 28. Nb6 1/2-1/2

[Event "4NCL/Div1/SWD-GUI"]
[Site "Rd09-Birmingham"]
[Date "2001.05.05"]
[Round "9.6"]
[White "Webb, Richard"]
[Black "Saunders, John"]
[Result "1-0"]
[WhiteElo "2353"]
[BlackElo "2199"]
[PlyCount "43"]
[EventDate "2001.05.05"]

1. e4 c6 2. d4 d5 3. Nc3 dxe4 4. Nxe4 Nd7 5. Bc4 Ngf6 6. Ng5 e6 7. Qe2 Nb6 8.
Bd3 h6 9. N5f3 c5 10. dxc5 Bxc5 11. Ne5 O-O 12. Ngf3 Qc7 13. Bd2 Bd6 14. O-O-O
Na4 15. g4 a6 16. Rhg1 b5 17. g5 hxg5 18. Rxg5 Ne8 19. Rdg1 f5 20. Ng6 Nc5 21.
Rh5 Nf6 22. Ng5 1-0

[Event "4NCL/Div1/SWD-GUI"]
[Site "Rd09-Birmingham"]
[Date "2001.05.05"]
[Round "9.7"]
[White "Spice, Alan"]
[Black "Povah, Nigel"]
[Result "0-1"]
[WhiteElo "2193"]
[BlackElo "2359"]
[PlyCount "64"]
[EventDate "2001.05.05"]

1. Nc3 c5 2. Nf3 Nc6 3. d4 cxd4 4. Nxd4 e6 5. g3 Nf6 6. Bg2 Bc5 7. Nb3 Be7 8.
e4 O-O 9. O-O a6 10. a4 d6 11. f4 Qc7 12. a5 b6 13. axb6 Qxb6+ 14. Kh1 Bb7 15.
Qe2 Rac8 16. Be3 Qc7 17. Ra4 Rfe8 18. Rfa1 Bf8 19. h3 e5 20. f5 d5 21. exd5 Nb4
22. Ra5 e4 23. Bf4 Qd7 24. d6 Nbd5 25. Nc5 Rxc5 26. Rxc5 Nxf4 27. gxf4 Qxd6 28.
Re5 Rxe5 29. fxe5 Qxe5 30. Re1 Bd6 31. Kg1 Qh2+ 32. Kf1 Bc5 0-1

[Event "4NCL/Div1/WG-BG2"]
[Site "Rd09-Birmingham"]
[Date "2001.05.05"]
[Round "9.2"]
[White "Hennigan, Michael"]
[Black "Short, Nigel"]
[Result "0-1"]
[WhiteElo "2455"]
[BlackElo "2676"]
[PlyCount "50"]
[EventDate "2001.05.05"]

1. e4 e6 2. d4 d5 3. Nd2 c5 4. Ngf3 Nf6 5. exd5 Nxd5 6. dxc5 Nd7 7. c4 N5f6 8.
Nb3 Qc7 9. Be2 Nxc5 10. O-O Bd7 11. Nxc5 Bxc5 12. a3 a5 13. b3 Bc6 14. Bb2 Ng4
15. h3 h5 16. hxg4 Bxf3 17. g5 Rd8 18. Qc2 Bc6 19. Rad1 Rxd1 20. Qxd1 h4 21.
Bf3 h3 22. Bxc6+ bxc6 23. Bxg7 hxg2 24. Bxh8 Qg3 25. Bd4 Qh3 0-1

[Event "4NCL/Div1/WG-BG2"]
[Site "Rd09-Birmingham"]
[Date "2001.05.05"]
[Round "9.4"]
[White "Bellin, Robert"]
[Black "Baburin, Alexander"]
[Result "1/2-1/2"]
[WhiteElo "2361"]
[BlackElo "2588"]
[PlyCount "67"]
[EventDate "2001.05.05"]

1. e4 Nf6 2. e5 Nd5 3. d4 d6 4. Nf3 Bg4 5. Be2 e6 6. O-O Be7 7. h3 Bh5 8. c4
Nb6 9. Nc3 O-O 10. a3 d5 11. c5 Bxf3 12. gxf3 Nc8 13. f4 Nc6 14. f5 exf5 15.
Bf3 f4 16. Bxf4 Bg5 17. Qd2 Bxf4 18. Qxf4 N8e7 19. Rad1 b6 20. cxb6 axb6 21.
Bg2 Ng6 22. Qg4 Nce7 23. f4 f5 24. exf6 Rxf6 25. f5 Nf8 26. Rde1 Ra5 27. b4 Ra7
28. Rxe7 Qxe7 29. Nxd5 Qd6 30. Nxf6+ Qxf6 31. Bd5+ Kh8 32. Bb3 c6 33. Re1 Re7
34. Re4 1/2-1/2

[Event "4NCL/Div1/WG-BG2"]
[Site "Rd09-Birmingham"]
[Date "2001.05.05"]
[Round "9.5"]
[White "Emms, John"]
[Black "Richardson, John"]
[Result "1-0"]
[WhiteElo "2514"]
[BlackElo "2338"]
[PlyCount "79"]
[EventDate "2001.05.05"]

1. e4 c6 2. d4 d5 3. exd5 cxd5 4. c4 Nf6 5. Nc3 e6 6. Nf3 Bb4 7. Bd3 dxc4 8.
Bxc4 O-O 9. O-O a6 10. a4 b6 11. Bg5 Bb7 12. Qe2 Bxc3 13. bxc3 Nbd7 14. Ne5 Qc7
15. Nxd7 Nxd7 16. Rfc1 Rfe8 17. Bb3 e5 18. Qa2 Nf8 19. d5 Qd6 20. c4 f5 21. a5
Qg6 22. Bd2 bxa5 23. c5 Kh8 24. c6 Bc8 25. Bc2 Qf6 26. Qa3 Rd8 27. Bb3 f4 28.
Bxa5 Re8 29. Bc4 e4 30. Re1 f3 31. gxf3 e3 32. Rxe3 Rxe3 33. fxe3 Bh3 34. Bf1
Qg6+ 35. Kh1 Qh5 36. Bxh3 Qxh3 37. e4 Ng6 38. Rg1 Rf8 39. c7 Ne5 40. Qxf8# 1-0

[Event "4NCL/Div1/WG-BG2"]
[Site "Rd09-Birmingham"]
[Date "2001.05.05"]
[Round "9.6"]
[White "Anderton, David"]
[Black "Turner, Matthew"]
[Result "1/2-1/2"]
[WhiteElo "2213"]
[BlackElo "2516"]
[PlyCount "80"]
[EventDate "2001.05.05"]

1. d4 Nf6 2. c4 e6 3. Nc3 Bb4 4. Qc2 d6 5. a3 Bxc3+ 6. Qxc3 b6 7. Bg5 Nbd7 8.
e3 h6 9. Bh4 Bb7 10. f3 c5 11. Bd3 Rc8 12. Qb3 d5 13. Ne2 O-O 14. cxd5 Bxd5 15.
Qa4 Bc6 16. Qd1 cxd4 17. exd4 Qc7 18. O-O Qb8 19. Qd2 Bd5 20. Ba6 Bb7 21. Bd3
a6 22. Rfe1 Nd5 23. Rad1 Rfe8 24. Bb1 Nf8 25. Bg3 Qa7 26. Bf2 Bc6 27. Ng3 Ba4
28. Rc1 Qb8 29. Nh5 Rxc1 30. Rxc1 Rc8 31. Re1 Qc7 32. Bg3 Qd8 33. Be5 f6 34.
Bg3 Be8 35. Nf4 Nxf4 36. Bxf4 Bf7 37. Qb4 a5 38. Qd6 Qxd6 39. Bxd6 Rc6 40. Bg3
Bg6 1/2-1/2

[Event "4NCL/Div1/WG-BG2"]
[Site "Rd09-Birmingham"]
[Date "2001.05.05"]
[Round "9.7"]
[White "Ward, Chris"]
[Black "Wade, Robert"]
[Result "1-0"]
[WhiteElo "2505"]
[BlackElo "2213"]
[PlyCount "91"]
[EventDate "2001.05.05"]

1. d4 d6 2. e4 Nf6 3. f3 c5 4. d5 e5 5. c4 Be7 6. Nc3 O-O 7. Be3 Nh5 8. Qd2 h6
9. O-O-O a6 10. g4 Nf4 11. Nge2 Nxe2+ 12. Bxe2 b5 13. Rdg1 Bg5 14. Bxg5 hxg5
15. h4 f6 16. hxg5 fxg5 17. Rh5 b4 18. Nd1 g6 19. Rh6 Qf6 20. Rgh1 Nd7 21. Nf2
Kg7 22. Rh7+ Kg8 23. R7h2 Qf4 24. Nh3 Qxd2+ 25. Kxd2 Nf6 26. Nxg5 Ra7 27. Ke3
a5 28. Rh8+ Kg7 29. R1h7+ Nxh7 30. Rxh7+ Kf6 31. Rxa7 Kxg5 32. Rxa5 Kf6 33. Ra7
g5 34. Bd1 Rf7 35. Ra8 Bb7 36. Rd8 Ke7 37. Rg8 Kf6 38. Ba4 Ba6 39. b3 Ra7 40.
Bc6 Bb7 41. Rd8 Bxc6 42. Rxd6+ Kf7 43. dxc6 Ke7 44. Rd5 Rc7 45. Rxe5+ Kd6 46.
Rxg5 1-0

[Event "4NCL/Div1/WG-BG2"]
[Site "Rd09-Birmingham"]
[Date "2001.05.05"]
[Round "9.8"]
[White "Bellin, Jana"]
[Black "Jackson, Sheila"]
[Result "1/2-1/2"]
[WhiteElo "2187"]
[BlackElo "2185"]
[PlyCount "37"]
[EventDate "2001.05.05"]

1. d4 Nf6 2. Nf3 e6 3. Bg5 c5 4. e3 b6 5. Nbd2 cxd4 6. exd4 Bb7 7. Bd3 Be7 8.
O-O d6 9. c3 Nbd7 10. Qe2 O-O 11. Nc4 Re8 12. a4 h6 13. Bf4 Qc7 14. h3 Bf8 15.
Rfe1 Rad8 16. Bh2 Bc6 17. Ncd2 Qb7 18. Ba6 Qc7 19. Qc4 1/2-1/2

[Event "4NCL/Div1/BG1-RIC"]
[Site "Rd10-Birmingham"]
[Date "2001.05.06"]
[Round "10.2"]
[White "Wall, Gavin"]
[Black "Rogers, Ian"]
[Result "0-1"]
[WhiteElo "2348"]
[BlackElo "2528"]
[PlyCount "62"]
[EventDate "2001.05.06"]

1. e4 c6 2. Nc3 d5 3. Nf3 Bg4 4. h3 Bh5 5. Qe2 dxe4 6. Nxe4 Nf6 7. d3 e6 8. g4
Bg6 9. Bg2 Nbd7 10. Bf4 Qa5+ 11. Nfd2 Nxe4 12. dxe4 e5 13. Bg3 h5 14. a3 f6 15.
O-O Bf7 16. Rfd1 hxg4 17. hxg4 O-O-O 18. b4 Qc7 19. Nc4 Be7 20. Ne3 Nf8 21. b5
Rxd1+ 22. Rxd1 Ne6 23. bxc6 Qxc6 24. Nd5 Bc5 25. Qf3 Kb8 26. Nxf6 gxf6 27. Qxf6
Rf8 28. Qxe5+ Ka8 29. Rd3 a6 30. Qb2 Bg6 31. Rd5 Nf4 0-1

[Event "4NCL/Div1/BG1-RIC"]
[Site "Rd10-Birmingham"]
[Date "2001.05.06"]
[Round "10.4"]
[White "Bates, Richard"]
[Black "Hebden, Mark"]
[Result "0-1"]
[WhiteElo "2372"]
[BlackElo "2560"]
[PlyCount "48"]
[EventDate "2001.05.06"]

1. d4 Nf6 2. c4 g6 3. Nc3 Bg7 4. e4 d6 5. h3 O-O 6. Bg5 a5 7. Nf3 Na6 8. Be2 c6
9. O-O e5 10. Re1 exd4 11. Nxd4 Nc5 12. Bf1 Re8 13. Qf3 h6 14. Bh4 Ncd7 15.
Rad1 a4 16. Nc2 Qb6 17. Rxd6 Qxb2 18. Nd4 Qb4 19. e5 Rxe5 20. Rxf6 Rxe1 21.
Rxf7 Rxf1+ 22. Kh2 Qd6+ 23. Bg3 Qxd4 24. Ne4 Nc5 0-1

[Event "4NCL/Div1/BG1-RIC"]
[Site "Rd10-Birmingham"]
[Date "2001.05.06"]
[Round "10.5"]
[White "Chandler, Murray"]
[Black "Hinks-Edwards, Thomas"]
[Result "1/2-1/2"]
[WhiteElo "2529"]
[BlackElo "2253"]
[PlyCount "62"]
[EventDate "2001.05.06"]

1. e4 c6 2. c4 d5 3. exd5 cxd5 4. cxd5 Nf6 5. Nc3 Nxd5 6. Nf3 Nxc3 7. bxc3 g6
8. Bb5+ Bd7 9. a4 Bg7 10. O-O O-O 11. Ba3 Nc6 12. Re1 Bf6 13. d4 Rc8 14. Nd2 a6
15. Bf1 Na5 16. Ne4 Bg7 17. Nc5 Bc6 18. Bb4 Bd5 19. Rc1 b6 20. Bxa5 bxa5 21.
Bxa6 Rc7 22. Bb5 Ba8 23. Nb3 Bh6 24. c4 Bxc1 25. Qxc1 e6 26. Qf4 Qe7 27. h4
Rfc8 28. Nc5 Kg7 29. h5 g5 30. Qd2 Qf6 31. Nb3 Rxc4 1/2-1/2

[Event "4NCL/Div1/BG1-RIC"]
[Site "Rd10-Birmingham"]
[Date "2001.05.06"]
[Round "10.6"]
[White "Webb, Laurence"]
[Black "Gallagher, Joe"]
[Result "1/2-1/2"]
[WhiteElo "2233"]
[BlackElo "2524"]
[PlyCount "99"]
[EventDate "2001.05.06"]

1. e4 d6 2. d4 Nf6 3. Nc3 g6 4. Nf3 Bg7 5. Be3 c6 6. Qd2 Bg4 7. Be2 O-O 8. h3
Bxf3 9. Bxf3 Nbd7 10. O-O e5 11. dxe5 dxe5 12. Rfd1 Re8 13. a4 a5 14. Bg4 Nxg4
15. hxg4 Nf8 16. Qxd8 Raxd8 17. Bb6 Rd7 18. Kf1 Bf6 19. Bc5 Rc7 20. Bd6 Rd7 21.
Bxf8 Rxd1+ 22. Rxd1 Kxf8 23. Rd7 Rb8 24. Ke2 Ke8 25. Rd3 Ke7 26. g3 Bg5 27. Rd1
Ke6 28. Rh1 Rd8 29. Rd1 Rxd1 30. Nxd1 Kd6 31. Kd3 Kc5 32. c3 b5 33. b3 Bd8 34.
Ne3 h6 35. Nf1 Bb6 36. Ne3 Kd6 37. Nd1 Ke6 38. Ke2 f5 39. gxf5+ gxf5 40. Kf3 h5
41. exf5+ Kxf5 42. Ne3+ Ke6 43. Ke4 Bxe3 44. Kxe3 bxa4 45. bxa4 Kd5 46. f3 Ke6
47. Ke4 Kf6 48. Kd3 Kf5 49. Ke3 Kf6 50. Kd3 1/2-1/2

[Event "4NCL/Div1/BG1-RIC"]
[Site "Rd10-Birmingham"]
[Date "2001.05.06"]
[Round "10.8"]
[White "Buckley, Melanie"]
[Black "Flear, Christine"]
[Result "1/2-1/2"]
[WhiteElo "2114"]
[BlackElo "2166"]
[PlyCount "42"]
[EventDate "2001.05.06"]

1. e4 c5 2. Nc3 Nc6 3. g3 g6 4. Bg2 Bg7 5. d3 d6 6. Be3 Rb8 7. Qd2 b5 8. Nge2
b4 9. Nd1 Nd4 10. O-O Qa5 11. Nc1 e6 12. a3 Ne7 13. Ra2 Qc7 14. axb4 cxb4 15.
c3 bxc3 16. bxc3 Ndc6 17. Bh6 O-O 18. Bxg7 Kxg7 19. Ne3 e5 20. f4 exf4 21. gxf4
f5 1/2-1/2

[Event "4NCL/Div1/MM-WR"]
[Site "Rd10-Birmingham"]
[Date "2001.05.06"]
[Round "10.1"]
[White "Pert, Nicholas"]
[Black "Matros, Alexander"]
[Result "1/2-1/2"]
[WhiteElo "2474"]
[BlackElo "2449"]
[PlyCount "48"]
[EventDate "2001.05.06"]

1. d4 d5 2. c4 e6 3. Nf3 Nf6 4. cxd5 exd5 5. Nc3 c6 6. Bg5 Be7 7. e3 Bf5 8.
Bxf6 Bxf6 9. Bd3 Bxd3 10. Qxd3 Nd7 11. O-O Be7 12. Rab1 a5 13. a3 O-O 14. b4
axb4 15. axb4 Ra3 16. Qc2 g6 17. Rfc1 Bd6 18. b5 Qa5 19. bxc6 bxc6 20. Nd1 Rc8
21. Qd2 Qa6 22. Rc2 Nf6 23. Qe2 Qxe2 24. Rxe2 c5 1/2-1/2

[Event "4NCL/Div1/MM-WR"]
[Site "Rd10-Birmingham"]
[Date "2001.05.06"]
[Round "10.2"]
[White "Arkell, Keith"]
[Black "Ledger, Andrew"]
[Result "1-0"]
[WhiteElo "2436"]
[BlackElo "2432"]
[PlyCount "67"]
[EventDate "2001.05.06"]

1. d4 Nf6 2. Nf3 g6 3. c4 Bg7 4. g3 O-O 5. Bg2 d5 6. O-O dxc4 7. Na3 Na6 8.
Nxc4 c5 9. b3 Bf5 10. Ba3 cxd4 11. Nxd4 Be4 12. e3 Qd7 13. Rc1 Rfd8 14. f3 Bd5
15. Ne5 Qe8 16. Qe2 Nd7 17. Nec6 bxc6 18. Qxa6 Nb8 19. Qa5 e5 20. Ne2 Bh6 21.
Kf2 Nd7 22. Rc2 Nf6 23. e4 Bxe4 24. fxe4 Be3+ 25. Kxe3 Ng4+ 26. Kf3 Rd3+ 27.
Kxg4 Qe6+ 28. Kh4 h5 29. h3 g5+ 30. Kxh5 g4 31. Rf5 Kh7 32. Kh4 Rh8 33. Rh5+
Kg7 34. hxg4 1-0

[Event "4NCL/Div1/MM-WR"]
[Site "Rd10-Birmingham"]
[Date "2001.05.06"]
[Round "10.3"]
[White "Williams, Simon"]
[Black "Hunt, Harriet"]
[Result "1/2-1/2"]
[WhiteElo "2367"]
[BlackElo "2426"]
[PlyCount "53"]
[EventDate "2001.05.06"]

1. c4 e5 2. Nc3 Nc6 3. Nf3 g6 4. d4 exd4 5. Nxd4 Bg7 6. Nxc6 bxc6 7. g3 Ne7 8.
Bg2 O-O 9. O-O d6 10. Bg5 Bd7 11. Qd2 Rb8 12. b3 Qe8 13. Bh6 c5 14. Ne4 f6 15.
Bxg7 Kxg7 16. Qb2 a5 17. e3 a4 18. Qc3 Nc6 19. f4 Qc8 20. Rfd1 Rf7 21. Ng5 Re7
22. Rab1 Qe8 23. Kf2 Rb4 24. h3 axb3 25. axb3 Na5 26. g4 Bc6 27. Bxc6 1/2-1/2

[Event "4NCL/Div1/MM-WR"]
[Site "Rd10-Birmingham"]
[Date "2001.05.06"]
[Round "10.5"]
[White "Naylor, John"]
[Black "Gayson, Peter"]
[Result "0-1"]
[WhiteElo "2237"]
[BlackElo "2273"]
[PlyCount "70"]
[EventDate "2001.05.06"]

1. e4 c5 2. Nc3 e6 3. Nf3 a6 4. d4 cxd4 5. Nxd4 d6 6. Be2 Nf6 7. O-O Be7 8. Be3
O-O 9. f4 Nc6 10. Qe1 Qc7 11. Qg3 Bd7 12. Rae1 b5 13. a3 Rac8 14. Kh1 Kh8 15.
Nf3 Na5 16. e5 Ne8 17. Bd3 Nc4 18. Qh3 f5 19. exf6 Nxf6 20. Ng5 e5 21. Qh4 h6
22. fxe5 Ng4 23. Nd5 Bxg5 24. Bxg5 Qc5 25. Nf4 Ngxe5 26. Rxe5 Nxe5 27. Bxh6
Nxd3 28. Ng6+ Kh7 29. Nxf8+ Kg8 30. Nxd7 Qxc2 31. Qg4 Nf2+ 32. Kg1 Nxg4 33. Bg5
Qg6 34. Bh4 Qe6 35. Nb6 Qe3+ 0-1

[Event "4NCL/Div1/MM-WR"]
[Site "Rd10-Birmingham"]
[Date "2001.05.06"]
[Round "10.6"]
[White "Barrett, Stephen"]
[Black "Ledger, David"]
[Result "0-1"]
[WhiteElo "2217"]
[BlackElo "2285"]
[PlyCount "65"]
[EventDate "2001.05.06"]

1. d4 Nf6 2. c4 g6 3. Nc3 Bg7 4. Bg5 O-O 5. Nf3 d6 6. e3 c5 7. Be2 a6 8. h3 Nc6
9. d5 Na7 10. a4 b6 11. O-O Rb8 12. Qc2 Bd7 13. Nd2 Rb7 14. Nb3 Qc7 15. e4 Rfb8
16. f4 b5 17. axb5 axb5 18. Na5 Rb6 19. e5 b4 20. exf6 exf6 21. Ne4 fxg5 22.
fxg5 Bd4+ 23. Kh1 b3 24. Qd2 Bf5 25. Nf6+ Kg7 26. Qf4 h6 27. Nh5+ Kg8 28. Ng3
hxg5 29. Qxg5 Bc2 30. Nh5 Bxb2 31. Rf4 Bxa1 32. Rh4 Qd8 33. Nf6+ 0-1

[Event "4NCL/Div1/MM-WR"]
[Site "Rd10-Birmingham"]
[Date "2001.05.06"]
[Round "10.7"]
[White "Ledger, Stephen"]
[Black "Jones, Gawain"]
[Result "0-1"]
[WhiteElo "2194"]
[BlackElo "2188"]
[PlyCount "80"]
[EventDate "2001.05.06"]

1. e4 c5 2. c3 d5 3. exd5 Qxd5 4. d4 Nf6 5. Nf3 Bg4 6. Be2 e6 7. h3 Bh5 8. O-O
Nc6 9. Be3 cxd4 10. Nxd4 Bxe2 11. Qxe2 Nxd4 12. Bxd4 Be7 13. Rd1 Qc6 14. Nd2
O-O 15. Nf3 Rfd8 16. Ne5 Qe4 17. Qxe4 {=} Nxe4 18. Nc4 Bc5 19. Bxc5 Nxc5 20.
Na5 h6 21. b4 Ne4 22. c4 Rxd1+ 23. Rxd1 Nc3 24. Rd7 b6 25. Nc6 Nxa2 26. b5 Nc3
27. Rxa7 Rxa7 28. Nxa7 Na4 29. Nc8 Kf8 30. Kf1 Ke8 31. Nd6+ Ke7 32. Ne4 f5 33.
Nd2 Kd6 34. Ke2 Nb2 35. Ke3 Kc5 36. Kf4 Nxc4 37. Nb3+ Kb4 38. Nc1 g5+ 39. Kf3
Kxb5 40. Nd3 e5 0-1

[Event "4NCL/Div1/MM-WR"]
[Site "Rd10-Birmingham"]
[Date "2001.05.06"]
[Round "10.8"]
[White "Burnett, Jim"]
[Black "Tidman, Sophie"]
[Result "1-0"]
[WhiteElo "2213"]
[BlackElo "2003"]
[PlyCount "65"]
[EventDate "2001.05.06"]

1. Nf3 Nf6 2. g3 g6 3. Bg2 Bg7 4. c4 O-O 5. d4 c5 6. O-O cxd4 7. Nxd4 Nc6 8.
Nc3 Qb6 9. Nc2 a5 10. b3 d6 11. h3 Bd7 12. e4 h5 13. Be3 Qd8 14. Qd2 Kh7 15.
Rac1 Rh8 16. f4 Ra6 17. Rfd1 Qc8 18. Kh2 h4 19. g4 Kg8 20. g5 Nh5 21. Nb5 Nb8
22. Ne1 Ng3 23. Qd3 Bc6 24. c5 Qd7 25. Nd4 Kh7 26. cxd6 Rd8 27. Nxc6 Nxc6 28.
dxe7 Qxe7 29. Qc4 Re8 30. Bc5 Qc7 31. Bd6 Qb6 32. Qxf7 Qf2 33. Nd3 1-0

[Event "4NCL/Div1/BAR1-BG2"]
[Site "Rd10-Birmingham"]
[Date "2001.05.06"]
[Round "10.1"]
[White "Parker, Jonathan"]
[Black "Mestel, Jonathan"]
[Result "1-0"]
[WhiteElo "2545"]
[BlackElo "2488"]
[PlyCount "35"]
[EventDate "2001.05.06"]

1. d4 Nf6 2. c4 g6 3. Nc3 Bg7 4. e4 O-O 5. f4 c5 6. dxc5 Na6 7. e5 Ne8 8. Be3
d6 9. cxd6 exd6 10. c5 Bf5 11. cxd6 Nb4 12. Rc1 Qa5 13. Qd2 Rc8 14. Nf3 Nc2+
15. Rxc2 Bxc2 16. d7 Rd8 17. Qxc2 Rxd7 18. Bb5 1-0

[Event "4NCL/Div1/BAR1-BG2"]
[Site "Rd10-Birmingham"]
[Date "2001.05.06"]
[Round "10.2"]
[White "Norwood, David"]
[Black "Kelly, Brian"]
[Result "1-0"]
[WhiteElo "2455"]
[BlackElo "2464"]
[PlyCount "81"]
[EventDate "2001.05.06"]

1. g3 d5 2. Bg2 c6 3. Nf3 Bg4 4. b3 Nd7 5. Bb2 Ngf6 6. O-O e6 7. d3 Be7 8. Nbd2
O-O 9. h3 Bh5 10. e4 a5 11. a4 Bb4 12. e5 Ne8 13. Qe2 Nc7 14. g4 Bg6 15. Rae1
Qe7 16. Nd4 c5 17. N4f3 c4 18. bxc4 Nb6 19. Ra1 dxc4 20. Nxc4 Nxc4 21. dxc4 Bc5
22. Nd4 Rad8 23. Nb3 Na6 24. Nxa5 Bb4 25. Nb3 Nc5 26. Nxc5 Qxc5 27. c3 Ba5 28.
Ba3 Qc8 29. Bxf8 Bd3 30. Qe3 Bxf1 31. Bxg7 Kxg7 32. Bxf1 Qd7 33. Rb1 b6 34. Rb5
Ra8 35. c5 bxc5 36. Qe4 Qd5 37. Qxd5 exd5 38. Rxc5 Bb6 39. Rb5 Bc7 40. Rxd5
Rxa4 41. e6 1-0

[Event "4NCL/Div1/BAR1-BG2"]
[Site "Rd10-Birmingham"]
[Date "2001.05.06"]
[Round "10.3"]
[White "Webster, Andrew"]
[Black "Hennigan, Michael"]
[Result "0-1"]
[WhiteElo "2435"]
[BlackElo "2455"]
[PlyCount "104"]
[EventDate "2001.05.06"]

1. Nf3 Nf6 2. g3 g6 3. b4 Bg7 4. Bb2 O-O 5. Bg2 d5 6. O-O Nbd7 7. Na3 Re8 8. c4
c6 9. b5 e5 10. bxc6 bxc6 11. Qa4 Bb7 12. Rab1 d4 13. Bxd4 exd4 14. Rxb7 Nc5
15. Qxc6 Nxb7 16. Qxb7 Rb8 17. Qa6 Rxe2 18. Nb5 Ne4 19. Qxa7 Ra8 20. Qb7 Rxa2
21. c5 Nxc5 22. Qc6 Rc2 23. Na3 Re6 24. Qb5 Rb6 25. Qa5 Nb3 26. Qxb6 Qxb6 27.
Nxc2 Qc5 28. Na1 Na5 29. d3 Qc3 30. Rd1 Nc6 31. Ng5 Nb4 32. Ne4 Qa3 33. Nc5 Bf8
34. Ncb3 Qb2 35. h4 h5 36. Rd2 Qb1+ 37. Kh2 Bg7 38. Bf3 Bf6 39. Rd1 Qb2 40. Kg2
Qa2 41. Nc5 Be7 42. Ncb3 Qb2 43. Rd2 Qc3 44. Be2 Bf8 45. Rd1 Bh6 46. Na5 Qb2
47. Kf1 Nd5 48. Nc4 Qa2 49. Bf3 Nc3 50. Re1 Kg7 51. Kg2 Bd2 52. Re7 Kf6 0-1

[Event "4NCL/Div1/BAR1-BG2"]
[Site "Rd10-Birmingham"]
[Date "2001.05.06"]
[Round "10.4"]
[White "McDonald, Neil"]
[Black "Knott, Simon"]
[Result "1-0"]
[WhiteElo "2436"]
[BlackElo "2373"]
[PlyCount "97"]
[EventDate "2001.05.06"]

1. Nf3 Nf6 2. g3 g6 3. Bg2 Bg7 4. c4 O-O 5. O-O d5 6. cxd5 Nxd5 7. Nc3 Nc6 8.
d4 Nb6 9. e3 Re8 10. h3 e5 11. dxe5 Nxe5 12. Nxe5 Qxd1 13. Rxd1 Bxe5 14. f4
Bxc3 15. bxc3 f5 16. a4 a5 17. Rd4 Bd7 18. Bxb7 Rab8 19. Bf3 Bxa4 20. Kf2 Red8
21. Ba3 Bb3 22. Bc5 a4 23. Bc6 Nd5 24. Ba7 Ra8 25. Bxd5+ Rxd5 26. Rxd5 Bxd5 27.
Rxa4 h5 28. c4 Be4 29. Ke2 Kf7 30. Kd2 Bg2 31. h4 Bc6 32. Ra5 Bg2 33. Kc3 Be4
34. Kb4 Bc6 35. Rc5 Rxa7 36. Rxc6 Rb7+ 37. Kc3 Kg7 38. Kd4 Kf7 39. Ke5 Ra7 40.
Rf6+ Kg7 41. Rc6 Kf7 42. Kd5 Rb7 43. Rc5 Ra7 44. Kc6 Ra3 45. Re5 Ra7 46. c5 Kf6
47. Kd7 Rb7 48. c6 Ra7 49. Kc8 1-0